Najlepsi piłkarze z różnych krajów. - Statystyki

Ogólne statystyki
  • Ten quiz został rozwiązany 166 razy
  • Średni wynik to 9 z 37
Statystyki odpowiedzi
Hint Odpowiedź % Poprawnych
Polska Lewandowski
96%
Argentyna Messi
95%
Urugwaj Suarez
81%
Brazylia Pele
72%
Portugalia Cristiano Ronaldo
40%
Chorwacja Modrić
40%
Egipt Salah
38%
Irlandia płn Best
35%
Wlochy Maldini
31%
Belgia De Bruyne
30%
Niemcy Muller
30%
Szwecja Ibrahimović
27%
Anglia Rooney
27%
Wegry Puskas
23%
Hiszpania Xavi
21%
Czechy Cech
20%
Ukraina Szewczenko
20%
Rosja Yashin/Jaszyn
20%
Rumunia Hagi
19%
Francja Platini
19%
Finlandia Litmanen
16%
Dania Schmeichel
14%
Kamerun Eto'o
13%
Algieria Mahrez
13%
Serbia Vidić
13%
Bułgaria Stoiczkow
12%
Wybrzeże Kości Słoniowej Toure
12%
Nigeria Okocha
11%
Holandia Gullit
10%
Japonia Nakata
9%
Senegal Koulibaly
6%
Australia Cahill
5%
Meksyk Marquez
3%
Maroko Bounou
2%
Arabia Saudyjska Owairan
2%
Korea Południowa Son Heong-min
1%
Iran Ali Daei
0%
Nie znaleziono quizów pasujących do podanych kryteriów
Rozkład punktacji
Procent ludzi z każdym wynikiem
Percentyl według liczby udzielonych odpowiedzi
Twoja historia wyników
Nie rozwiązałeś tego quizu